000 00349nam a22001457a 4500
003 OSt
005 20160413153045.0
008 160413b xxu||||| |||| 00| 0 eng d
020 _a0003272788
040 _cN/A
100 _aDerrick Murphy
245 _aBritain 1815-1918
260 _acollins educational
_bHarpercollins
_c1998
942 _2lcc
_cBK
999 _c253117
_d253116